000 00549nmm a2200169Ia 4500
008 251105s9999||||xx |||||||||||||||||und||
020 _a1882528263
041 _aspa
100 _aPindado, Juan J.
245 0 _aTexto híbrido : entre ficción e información : ¿periodismo o literatura?
264 _a[Washington, Estados Unidos] :
_bScripta Humanistica,
_c1998
300 _a149 páginas
490 _aLatin American Literature
650 _aLatin American literature
856 _uhttps://public.digitaliapublishing.com/a/289
942 _cCF
999 _c73002
_d73002